Joueurs de football par images - L - Statistiques

Statistiques générales
  • Ce quiz a été pris 1 718 fois
  • Le résultat moyen est 13 sur 20
Statistiques - réponses
Par images Réponse % Correct
Hugo Lloris
99%
Robert Lewandowski
97%
Alexandre Lacazette
96%
Romelu Lukaku
96%
Philipp Lahm
91%
David Luiz
90%
Frank Lampard
88%
Aymeric Laporte
85%
Bixente Lizarazu
78%
Ezequiel Lavezzi
71%
Manuel Locatelli
61%
Henrik Larsson
59%
Mickaël Landreau
51%
Michael Laudrup
44%
Lúcio
43%
Mario Lemina
37%
Stephan Lichtsteiner
32%
Jens Lehmann
20%
Gary Lineker
19%
Jari Litmanen
12%
Aucun quiz correspondant
Distribution des résultats
% des personnes avec chaque résultat
Percentile par nombre de réponses
Votre historique - résultats
Vous n’avez pas pris ce quiz